000 00282nam a2200109Ia 4500
008 230907s9999||||xx |||||||||||||| ||und||
082 _a658.8
_bBAR
100 _aBarta, Thomas,
_9116029
245 4 _aThe 12 powers of a marketing leader :
300 _avii, 228 pages :
942 _cBK
999 _c600852
_d600852